000 00580nam a2200193Ia 4500
008 220501s2019 xx 000 0 eng d
020 _a9789352865291
082 _a658.4013 BES-T
100 _aBesterfield, Dale H.
245 0 _aTotal quality management
_cDale H. Besterfield, Mary Besterfield Michna and Glen H Besterfield
250 _a5th
260 _aNoida
_bPearson
_c2019
300 _axxi, 622p.
650 _aOperations Management
650 _aTotal quality management
700 _aBesterfield, Glen H
700 _aMichna, Mary Besterfield
942 _2ddc
_cBK
999 _c18335
_d18335